000 00477nam a22001577a 4500
005 20251108175857.0
008 250721s2018 xx 000 0 ara d
082 1 4 _a152/داه
100 1 _aالداهري، صالح حسن احمد
245 1 0 _aعلم النفس الفسيولوجي /
264 _bدار صفاء للنشر و التوزيع،
_c2018.
300 _a496ص.
650 1 7 _aعلم النفس الفسيولوجي
942 _2ddc
_cBK
999 _c144546
_d144546